| 000 | 01738nam0a2200325 4500 | ||
|---|---|---|---|
| 001 | RU\NLR\bibl\1921318 | ||
| 005 | 20240726004524.0 | ||
| 020 |
_aRU _b20-3514 _9Летопись авторефератов диссертаций |
||
| 021 |
_aRU _b2011-23371а _9935аа |
||
| 035 | _a(NLR Aleph) 001910774 | ||
| 090 |
_a3173150 _c3173150 |
||
| 100 | _a20120511d2011 u u0rusy50 ca | ||
| 101 | 0 | _arus | |
| 102 | _aRU | ||
| 105 | _aa dm ||||| | ||
| 200 | 1 |
_aСтруктурный полиморфизм и гидрофильные свойства сложных органических соединений _e(на примере лекарственных субстанций) _eавтореф. дис. на соиск. учен. степ. к. ф.-м. н. _eспециальность 01.04.07 <Физика конденсированного состояния> _fГорчаков Кирилл Андреевич _g[Обнин. ин-т атом. энергетики-фил. Нац. исслед. ядер. ун-та "МИФИ"] _gМесто защиты: Моск. гос. техн. ун-т им. Н. Э. Баумана |
|
| 210 |
_aМосква _d2011 |
||
| 215 |
_a16 с. _cил. _d21 |
||
| 320 | _aБиблиогр.: с. 16 (7 назв.) | ||
| 675 |
_a538.9 _v3 _zrus |
||
| 686 |
_a29.19 _2rugasnti |
||
| 686 |
_a01.04.07 _2oksvnk |
||
| 700 | 1 |
_aГорчаков _bК. А. _gКирилл Андреевич _4070 |
|
| 801 | 0 |
_aRU _bRKP _c20120511 _gPSBO |
|
| 801 | 1 |
_aRU _bRKP _c20120511 |
|
| 801 | 2 |
_aRU _bNLR _c20120705 _grcr |
|
| 901 | _eАвторефераты | ||
| 942 | _cBOOK | ||
| 981 | 1 | 0 | _a(10) Авторефераты |